[Event "Winter Chess Classic-B 2019"]
[Site "Saint Louis"]
[Date "2019.11.17"]
[Round "8.4"]
[White "Moradiabadi, Elshan"]
[Black "Sorokin, Aleksey"]
[Result "1-0"]
[WhiteElo "2552"]
[BlackElo "2513"]
[Annotator "TA"]
[PlyCount "43"]
[EventDate "2019.11.10"]
[EventType "tourn"]
[EventCountry "USA"]
[SourceTitle "playchess.com"]
[Source "ChessBase"]
[SourceQuality "1"]

{[%evp 12,43,16,0,7,0,0,0,6,-36,-15,-11,0,0,13,0,50,47,55,62,75,64,297,299,304,314,411,266,458,467,1261,1259,1173,1153]} 1. c4 Nf6 2. Nc3 c5 3. g3 d5 4. cxd5 Nxd5 5. Bg2 Nc7 6. d3 e5 7. Nh3 Be7 {A34: Symmetrical English: 2 Nc3, lines with ...d5} 8. O-O (8. f4 exf4 9. Nxf4 O-O 10. O-O Nc6 11. Be3 Bd7 12. Kh1 Nd4 13. Bxb7 Rb8 14. Bg2 Rxb2 15. Rb1 {1-0 (32) Beliavsky,A (2519)-Jelen,I (2350) Slovenia 2019}) 8... Nc6 9. f4 exf4 {The position is equal.} 10. gxf4 O-O 11. f5 $146 ({Predecessor:} 11. Kh1 f5 12. Be3 Rb8 13. Rc1 Nd4 14. Bg1 Bf6 15. e4 {0-1 (29) Gromek,J-Witkowski,S Piotrkow Trybunalski 1970}) 11... Nd4 12. e4 $1 b5 {[%cal Bb7b5,Bb5b4][%mdl 32]} 13. Bf4 b4 14. Bxc7 Qxc7 15. Nd5 Qe5 {[#]} 16. Nf2 $1 $36 {[%cal Rf2g4][%mdl 2048] Black must now prevent Ng4. Black is under pressure.} Nc6 $2 {[#]} ({Black should try} 16... Bd8 $14) 17. d4 $1 $18 {[%cal Rd4e5][%mdl 512]} Qb8 (17... cxd4 18. Ng4) 18. Qh5 f6 19. Ng4 Bb7 $2 {[#]} (19... Ba6 {might work better.} 20. Rfc1 Qe8 21. Qxe8 Raxe8) 20. e5 $1 {[%mdl 512] White is clearly winning.} Kh8 (20... Qe8 $142 21. Qh4 Kh8) (20... fxe5 21. f6) 21. Nf4 Qd8 {[#]} 22. Bd5 $1 {[%mdl 512] Accuracy: White = 82%, Black = 13%.} 1-0

[Event "Winter Chess Classic-B 2019"]
[Site "Saint Louis"]
[Date "2019.11.17"]
[Round "8.5"]
[White "Wang, Justin"]
[Black "Cordova, Emilio"]
[Result "0-1"]
[WhiteElo "2459"]
[BlackElo "2570"]
[Annotator "TA"]
[PlyCount "88"]
[EventDate "2019.11.10"]
[EventType "tourn"]
[EventCountry "USA"]
[SourceTitle "playchess.com"]
[Source "ChessBase"]
[SourceQuality "1"]

{[%evp 23,88,7,14,4,0,0,12,0,0,5,11,0,3,-4,0,-7,0,0,0,0,14,0,0,-18,-18,-8,0,-38,-38,-38,-38,-38,-57,-54,-59,-53,-22,-28,-31,-30,-30,-32,-39,-27,-22,-29,-24,-166,-182,-158,-173,-494,-442,-599,-585,-582,-584,-770,-621,-29966,-29961,-5933,-5624,-29981,-29982,-29981,-29982]} 1. e4 c5 2. Nf3 Nc6 3. d4 cxd4 4. Nxd4 Nf6 5. Nc3 e5 6. Ndb5 d6 7. Bg5 a6 8. Na3 b5 9. Nd5 Be7 10. Bxf6 Bxf6 11. c4 b4 12. Nc2 a5 13. g3 {B33: Sicilian: Pelikan and Sveshnikov Variations} (13. Qf3 Be6 14. Rd1 Bxd5 15. cxd5 Na7 16. g3 Rc8 17. Ne3 O-O 18. h4 Rc5 19. Bd3 Nc8 20. O-O Qc7 {½-½ (31) Nakamura,H (2746)-Caruana,F (2828) Saint Louis 2019}) 13... O-O 14. Bg2 g6 15. O-O {The position is equal.} Bg7 16. Qd3 Be6 17. Rad1 Qb8 18. Nce3 $146 ({Predecessor:} 18. b3 Qa7 19. Kh1 Rad8 20. Nce3 Nd4 21. f4 f5 22. Bh3 Qd7 23. Rde1 Kh8 24. Qb1 Rf7 25. Rf2 Rdf8 {½-½ (26) Agmanov,Z (2394)-Ismagambetov,A (2554) Almaty 2019}) 18... Qa7 19. Kh1 Kh8 20. b3 Nd4 21. f4 f5 22. fxe5 dxe5 23. Nc2 fxe4 24. Bxe4 Bg4 {[#] Hoping for ...Rxf1+.} (24... Bh3 {keeps more tension.} 25. Rxf8+ Rxf8 26. Nxd4 Qxd4 27. Qxd4 exd4 28. Nf4 Bg4) 25. Nxd4 Qxd4 26. Qxd4 exd4 27. Rxf8+ Rxf8 28. Rd2 Re8 29. Bd3 $1 Bf3+ 30. Kg1 Bh6 31. Nf4 g5 32. Nd5 g4 33. Nf4 Kg7 34. Kf2 Kf6 35. Bc2 (35. h3 $11 {and White is okay.}) 35... Bxf4 $1 $19 36. gxf4 {[%mdl 4096] Endgame KRB-KRB} h5 37. h3 $2 {[#]} (37. c5 {is more resistant.}) 37... Re3 $1 38. hxg4 hxg4 39. c5 Rc3 40. Bd3 Bc6 41. Be2 g3+ 42. Kg1 Rc1+ 43. Rd1 Rxd1+ 44. Bxd1 Kf5 {Accuracy: White = 31%, Black = 78%.} 0-1

[Event "Winter Chess Classic-B 2019"]
[Site "Saint Louis"]
[Date "2019.11.18"]
[Round "9.1"]
[White "Cordova, Emilio"]
[Black "Erenburg, Sergey"]
[Result "1-0"]
[WhiteElo "2570"]
[BlackElo "2581"]
[Annotator "TA"]
[PlyCount "107"]
[EventDate "2019.11.10"]
[EventType "tourn"]
[EventCountry "USA"]
[SourceTitle "playchess.com"]
[Source "ChessBase"]
[SourceQuality "1"]

{[%evp 9,107,5,10,0,0,0,0,0,0,0,0,0,13,10,11,12,2,29,27,29,20,29,20,20,70,70,81,75,62,58,71,75,81,67,88,45,43,34,59,42,56,43,129,121,173,166,226,202,495,295,298,311,322,304,319,323,323,317,315,303,307,317,321,293,311,286,233,195,323,247,419,418,444,444,395,444,419,399,506,506,498,498,316,237,6697,5358,5210,4256,2639,2509,29964,29970,29982,29982,29984,29985,29985,29986,29986,29985]} 1. Nf3 d5 2. d4 Nf6 3. c4 c6 4. g3 dxc4 5. Bg2 b5 6. O-O {D11: Slav Defence: 3 Nf3 sidelines and 3...Nf6 4 e3 Bg4} Bb7 (6... e6 7. a4 Bb7 8. Ne5 a6 9. b3 cxb3 10. Qxb3 Be7 11. Nc3 b4 12. Rd1 a5 13. Bg5 O-O 14. Bxf6 gxf6 {1-0 (37) Mchedlishvili,M (2603)-Eljanov,P (2711) Riadh 2017}) 7. b3 cxb3 $1 8. Qxb3 {The position is equal.} e6 9. Rd1 Be7 10. Ne5 O-O 11. Nc3 $36 {[%mdl 2048] White fights for an advantage.} a6 12. Ne4 Nbd7 $146 ({Predecessor:} 12... a5 13. a4 {1-0 (13) Orsteinsson,O (2459)-Dorner,S (2213) ICCF email 2016}) 13. Nxc6 Bxc6 14. Nxf6+ Nxf6 15. Bxc6 Rc8 16. Bb7 {[%mdl 64] Double Attack} Rc4 17. Bxa6 Rb4 18. Qd3 $1 {Threatens to win with a3.} Qb6 {aiming for ...Rc4.} 19. Ba3 $1 {[%cal Ra3b4]} Qxa6 20. Bxb4 Bxb4 {[#]} 21. a4 $1 {[%mdl 512]} Nd5 (21... bxa4 22. Qxa6) 22. axb5 Qb7 $1 23. Rdc1 Rb8 24. e4 Nb6 25. Rc6 g6 ({Black should try} 25... Nd7 $14) 26. Rac1 $1 $16 Qd7 {[#]} (26... Qe7 $16 {was called for.}) 27. d5 $1 $18 {[%mdl 512]} Bf8 {[#]} (27... exd5 {was necessary.} 28. Qd4 Ba3) 28. Rc7 $1 {[%cal Rc7d7]} Qd6 $2 (28... Qd8) 29. R1c6 (29. Qf3 $142 f5 30. R1c6) 29... Qd8 {[%cal Re6d5]} 30. Qf3 Nd7 31. dxe6 Ne5 32. exf7+ Kg7 33. Qc3 Rxb5 34. Rc5 ({Worse is} 34. f4 Qd1+ 35. Kg2 (35. Kf2 Qh1 $11) 35... Qe2+ 36. Kh3 Qh5+ 37. Kg2 Qe2+ 38. Kh3 Qf1+ 39. Kh4 Qe2 $11) 34... Rxc5 35. Rxc5 Qd1+ 36. Kg2 Qf3+ 37. Qxf3 Nxf3 38. Rc7 Ng5 (38... Ne1+ {keeps fighting.} 39. Kf1 Nd3) 39. e5 h5 $2 (39... Ne6 40. Ra7 h5) 40. f4 Ne6 41. Rd7 Ba3 42. Kf3 Kf8 43. h3 Be7 44. g4 hxg4+ 45. hxg4 Ng7 46. Ra7 Bc5 $2 (46... Kxf7 47. Ke4 Ne8) 47. Ra6 Kxf7 48. Rf6+ Ke7 49. Rxg6 Kf7 50. f5 {White mates.} Bd4 51. Ke4 Bb2 52. Rb6 Bc3 53. Rb7+ Kf8 54. Kd5 {Accuracy: White = 93%, Black = 55%.} 1-0

[Event "Winter Chess Classic-B 2019"]
[Site "Saint Louis"]
[Date "2019.11.18"]
[Round "9.2"]
[White "Sorokin, Aleksey"]
[Black "Wang, Justin"]
[Result "1/2-1/2"]
[WhiteElo "2513"]
[BlackElo "2459"]
[Annotator "TA"]
[PlyCount "121"]
[EventDate "2019.11.10"]
[EventType "tourn"]
[EventCountry "USA"]
[SourceTitle "playchess.com"]
[Source "ChessBase"]
[SourceQuality "1"]

{[%evp 11,121,12,14,12,22,12,38,46,33,37,75,69,81,42,46,31,78,45,101,69,139,147,140,130,213,97,105,70,101,118,190,192,212,201,200,190,278,218,225,186,240,205,227,217,197,210,180,197,228,231,233,223,226,241,250,219,198,139,141,137,248,225,219,138,240,147,216,191,321,332,577,578,570,567,576,569,661,317,420,313,486,292,310,248,305,441,413,399,427,424,663,27,40,0,1192,1195,29968,29970,5057,-8,-8,-617,-8,-8,-8,-8,0,0,0,-8,0,0]} 1. d4 Nf6 2. c4 e6 3. Nf3 d5 4. Nc3 Be7 5. Bf4 O-O 6. e3 Nbd7 7. a3 {D37: Queen's Gambit Declined: 5 Bf4} (7. Be2 dxc4 8. O-O c5 9. dxc5 Nxc5 10. Bxc4 Qxd1 11. Rfxd1 b6 12. Bd6 Bxd6 13. Rxd6 Bb7 14. Rad1 Bxf3 15. gxf3 Rfc8 16. Be2 g5 17. R6d4 Kf8 18. f4 gxf4 19. Rxf4 {1-0 (67) Ding,L (2811)-Firouzja,A (2702) Khanty-Mansiysk 2019}) 7... c5 8. cxd5 exd5 9. Be2 {White is slightly better.} c4 10. Ne5 $146 ({Predecessor:} 10. O-O Nb6 11. a4 Be6 12. a5 Nc8 13. b3 Ne4 14. Nxe4 dxe4 15. Nd2 cxb3 16. Nxe4 {Mashin,A (2216)-Agrawal,R (1913) ICCF email 2016}) 10... Qa5 11. O-O Rd8 12. b4 {[%cal Bb2b4,Bb4b5][%mdl 32]} Qb6 13. Bg5 Nf8 14. f4 Ne6 (14... h6 $14) 15. Kh1 a5 (15... h6 $14 16. Bh4 Nc7) 16. b5 $1 $16 Nc7 17. f5 a4 {[#]} (17... Nxb5 $2 18. Qb1 $18) (17... h6 $16 18. Bh4 Rf8) 18. Bh5 (18. Bxc4 $1 $18 {[%mdl 512]} h6 (18... dxc4 19. Nxc4) 19. Bh4 (19. Bxf6 Bxf6 20. Ba2 Bxe5 $16)) 18... Rf8 19. Bf3 Rd8 (19... Nxb5 $2 20. Qb1 $18) 20. Qc2 (20. Nxa4 Qxb5 21. Nc3 Qb2 $15) 20... Qa5 (20... Ra5 $16 {was worth a try.}) 21. Ng4 $18 Qb6 22. Nxf6+ (22. Nxa4 Qxb5 23. Nxf6+ Bxf6 $11) 22... gxf6 23. Bh4 Qa5 (23... Ra5 {was necessary.} 24. Rfb1 Bf8) 24. Be1 Qb6 25. Bg3 Bd6 26. Bh4 Bf8 27. Rab1 (27. Nxa4 $6 Qxb5 28. Bxf6 Re8 $16) 27... Bxa3 28. Nxa4 Rxa4 29. Qxa4 Bf8 30. Qc2 Bh6 31. Rfe1 Ne8 32. Bf2 Qa5 33. Red1 Nd6 34. Be1 (34. Bxd5 $18 {Hoping for e4.} Bxf5 35. e4) 34... Qb6 $16 35. g4 $1 ({Don't do} 35. Bxd5 $6 Nxf5 36. Qxc4 Nxe3 $14) 35... Bxe3 (35... Nxb5 $16 36. Qa2 (36. Qa4 Bd7 $14) 36... Bd7) 36. Bxd5 $18 Bd7 37. Bg2 Bxb5 (37... Rc8 $16 38. Bb4 Nxb5) 38. Bc3 Qc7 (38... Rc8 $16 39. Qb2 Qc7) 39. d5 Rc8 (39... Bg5 $142 40. Ra1 Bh4) 40. Re1 ({Less strong is} 40. Bxf6 c3 $16) 40... Bf4 $2 (40... Qb6 41. Qb2 Bg5 42. Bxf6 Bxf6 43. Qxf6 Qd8) 41. Qf2 Be5 42. Bxe5 fxe5 43. f6 Kh8 {[#]} 44. Qh4 (44. Rxb5 $142 $1 {[%mdl 512]} Nxb5 45. Be4) 44... Ba4 45. Rbc1 Qb6 (45... Qc5 {was called for.} 46. Rxe5 Qd4) 46. Rxe5 {Threatens to win with Qh6!} Qd4 47. Rce1 Bc2 48. Qg5 {[%csl Gf6][%cal Rg5g7]} Bg6 49. h4 {Black must now prevent h5.} Rg8 {intending ...c3.} 50. Kh2 Qc3 (50... c3 $142 51. h5 h6) 51. Qh6 $2 (51. Qf4 $18) 51... Qd4 $1 $11 52. h5 Bd3 $2 {[%mdl 8192] [#]} (52... Bf5 $11 53. Qe3 (53. gxf5 $2 Qf2 $19 {[%mdl 64] Double Attack}) 53... Qxg4 {[%mdl 64] Double Attack}) 53. Re8 $3 $18 {[%mdl 512]} Nxe8 {[#]} 54. Rxe8 $1 {[%csl Gf6][%cal Rh6g7][%mdl 512]} Qxg4 (54... Rxe8 55. Qg7#) 55. Qg7+ $2 ({White must play} 55. Rxg8+ $18 Qxg8 56. d6) 55... Qxg7 $11 56. fxg7+ Kxg7 {[#] KRB-KRB} 57. h6+ $1 {[%mdl 512] The position is equal.} Kh8 $1 (57... Kxh6 58. Rxg8) 58. Re7 $1 Rg6 59. Re8+ Rg8 60. Re7 $1 Rg6 61. Re8+ {Accuracy: White = 55%, Black = 38%.} 1/2-1/2

[Event "Winter Chess Classic-B 2019"]
[Site "Saint Louis"]
[Date "2019.11.18"]
[Round "9.3"]
[White "Yoo, Christopher Woojin"]
[Black "Moradiabadi, Elshan"]
[Result "1-0"]
[WhiteElo "2449"]
[BlackElo "2552"]
[Annotator "TA"]
[PlyCount "107"]
[EventDate "2019.11.10"]
[EventType "tourn"]
[EventCountry "USA"]
[SourceTitle "playchess.com"]
[Source "ChessBase"]
[SourceQuality "1"]

{[%evp 9,107,12,38,41,33,33,19,47,51,39,61,43,51,38,51,22,22,13,21,-6,-18,-12,-24,-57,0,0,0,-69,-76,-79,-66,-154,-153,-131,-95,-91,0,0,0,-56,0,0,0,0,0,0,190,145,439,243,241,240,237,206,230,216,325,321,331,331,331,329,324,322,421,458,273,267,461,447,455,454,454,302,302,302,302,309,310,0,322,274,337,321,624,627,624,624,615,615,595,566,767,764,767,767,764,754,725,725]} 1. e4 d6 2. d4 Nf6 3. Nc3 e5 4. Nf3 Nbd7 5. Rg1 (5. Bc4 Be7 6. O-O O-O 7. a4 c6 8. Re1 h6 9. h3 Re8 10. dxe5 Nxe5 11. Nxe5 dxe5 12. Qf3 Bb4 13. Rd1 Qe7 14. Ne2 Be6 15. Bxe6 Qxe6 16. Ng3 Bc5 17. Be3 Bxe3 18. Qxe3 {½-½ (68) Dominguez Perez,L (2752)-Rapport,R (2739) Hengshui 2019}) 5... g6 6. g4 {C41: Philidor Defence} Bg7 7. g5 Nh5 8. Be3 {The position is equal.} c6 9. Qd2 Qc7 10. O-O-O O-O 11. a3 $146 ({Predecessor:} 11. d5 c5 12. Nh4 Nf4 {0-1 (37) Jakubiec,A (2472)-Zochowski,K (2267) Jastrzebia Gora 2019}) 11... Re8 12. Be2 Nb6 13. h4 Be6 14. b3 Rad8 15. a4 a6 16. a5 Nc8 (16... Nd7 $15) 17. Na4 $1 $11 Nf4 18. Bxf4 ({Better is} 18. Bf1 $1 $11) 18... exf4 $15 19. h5 c5 20. hxg6 (20. Qxf4 $15 Qxa5 21. h6) 20... hxg6 $17 21. Rh1 Bd7 22. Qxf4 {Threatens to win with Rh7!} Bxa4 (22... Bc6 $1 $17 23. Nd2 cxd4) 23. bxa4 $11 cxd4 24. Rh3 (24. Bd3 $11) 24... Qe7 ({Black should play} 24... d3 $1 $15 25. Bxd3 Qxa5) 25. Rdh1 Qxe4 26. Qh2 $1 {Threatening mate with Rh8+!} (26. Qxe4 Rxe4 27. Bd3 Rf4 $17) 26... Kf8 (26... Qxe2 27. Rh8+ $1 {[%mdl 512]} Bxh8 28. Qxh8#) 27. Bc4 {Black must now prevent Nd2.} Ne7 $2 (27... d3 $11 {and Black has nothing to worry.} 28. Re1 Qxe1+ 29. Nxe1 Rxe1+ 30. Kd2 dxc2 31. Kxc2 Ne7) 28. Rh7 $1 $40 {[%cal Rh7g7][%mdl 128] Rxg7! would kill now. White goes for the king.} Nf5 $2 {[%mdl 8192] [#]} (28... Rc8 $2 29. Rxg7 $1 {[%mdl 512]} Nd5 30. Rxf7+ $3 {[%mdl 512]} Kxf7 31. Bxd5+ Qxd5 32. Qh7+ Ke6 33. Re1+ Qe5 34. Nxe5 $18) (28... Qxf3 $16 {was worth a try.} 29. Rxg7 Nd5 30. Rxf7+ (30. Rg8+ Ke7 $11) 30... Qxf7 31. Bxd5 Qg7) 29. Re1 (29. Rxg7 $142 $1 {[%mdl 512]} Nxg7 30. Re1 Qxe1+ 31. Nxe1) 29... Qxe1+ (29... Qxf3 30. Rh8+ $1 {[%mdl 512]} Bxh8 31. Qxh8#) 30. Nxe1 d5 31. Bd3 $1 {[%cal Rd3f5]} Rxe1+ 32. Kd2 $1 Re6 ({Wrong is} 32... Be5 $2 33. f4 $18) (32... Rde8 $142 33. Bxf5 (33. Rh8+ Bxh8 34. Qxh8+ Ke7 $11) 33... gxf5 34. Rh8+ Bxh8 35. Qxh8+ {[%mdl 64] Double Attack} Ke7 36. Qf6+ (36. Qxd4 Re6 $16) 36... Kd7 37. Qxf7+ {[%mdl 64] Double Attack} Kc6 38. Qxf5 R1e5 39. Qf6+ R8e6) 33. Qc7 Rde8 34. Qxb7 (34. Bxf5 gxf5 35. Qxb7 Re2+ 36. Kd3 (36. Kc1 Re1+ 37. Kd2 R1e2+ {[%mdl 64] Double Attack} 38. Kc1 Re1+ 39. Kd2 R8e2+ 40. Kd3 Re4 $18) 36... Re1 $16) 34... Kg8 35. Rh1 Nd6 36. Qxd5 Ne4+ 37. Bxe4 $1 Rxe4 {[#]} 38. Kd3 $1 R4e5 $2 {[#]} (38... Re2 39. Qc6 R2e6) 39. Qc6 $1 R5e6 40. Qb7 R8e7 41. Qc8+ Re8 42. Qc4 Rb8 43. Rh3 Rbe8 44. Rh1 Rb8 $1 45. Qd5 Bh8 46. Ra1 Rc8 $2 (46... Ree8 47. Qc4 Bg7 48. Qxa6 Rec8) 47. Rb1 {White is clearly winning.} Re5 48. Qd7 Rec5 49. Rb7 {[%csl Gb7][%cal Rd7f7]} Rf8 50. Ra7 Rxa5 51. Qc6 Rxg5 52. Rxa6 Rf5 53. Ra8 Bf6 54. Rxf8+ {Accuracy: White = 67%, Black = 54%.} 1-0

[Event "Winter Chess Classic-B 2019"]
[Site "Saint Louis"]
[Date "2019.11.18"]
[Round "9.4"]
[White "Perez Ponsa, Federico"]
[Black "Azarov, Sergei"]
[Result "1/2-1/2"]
[WhiteElo "2560"]
[BlackElo "2586"]
[Annotator "TA"]
[PlyCount "61"]
[EventDate "2019.11.10"]
[EventType "tourn"]
[EventCountry "USA"]
[SourceTitle "playchess.com"]
[Source "ChessBase"]
[SourceQuality "1"]

{[%evp 10,61,6,4,15,26,19,14,17,23,5,12,54,38,43,34,21,33,36,39,105,67,72,45,60,64,75,74,66,32,28,23,23,18,80,16,64,53,58,16,97,63,59,40,44,27,44,44,35,5,19,10,2,-26]} 1. d4 Nf6 2. c4 e6 3. Nc3 Bb4 4. Qc2 O-O 5. e4 d6 6. e5 dxe5 {E32: Nimzo-Indian: Classical (4 Qc2): 4...0-0} 7. dxe5 Ng4 (7... Nfd7 8. Nf3 Nc6 9. Ng5 g6 10. f4 Nc5 11. Be3 f6 12. exf6 Qxf6 13. O-O-O Bxc3 14. Qxc3 Qxc3+ 15. bxc3 {1-0 (25) Vallejo Pons,F (2695)-Predke,A (2622) St Petersburg 2018}) 8. Nf3 Nc6 9. Bf4 Nd4 $132 {[%mdl 2048] Black is not holding back} 10. Qd2 f6 11. O-O-O {[#] h3 is the strong threat.} c5 12. h3 Nxe5 13. Nxe5 fxe5 14. Bxe5 {[#]} b5 $146 (14... Bd7 $14) 15. Bd3 {Black must now prevent Be4.} ({Of course not} 15. Bxd4 $6 cxd4 16. Qxd4 Qxd4 $11) 15... Bb7 16. Rhe1 (16. cxb5 {with more complications.} a6 17. b6 Rc8 18. h4 Rf7 19. h5) 16... bxc4 17. Bxc4 Bd5 18. Bxd5 exd5 19. Bxd4 cxd4 20. Qxd4 {[%mdl 64] [#] Double Attack} Bxc3 21. bxc3 Rc8 (21... Qg5+ $11 22. f4 Qg3) 22. Kb2 (22. f3 $16) 22... Kh8 23. f3 Qc7 24. Rc1 h6 (24... Rf4 $6 25. Qxd5 Rc4 26. Qb5 $16) (24... Qb7+ $11 {keeps the balance.} 25. Ka1 (25. Qb4 Qa6 $14) 25... Rc4) 25. Ka1 ({Much worse is} 25. Qxd5 $6 Rfd8 $11) 25... Qf7 26. Red1 Rfd8 27. Rb1 Rd7 28. Rb5 {[%cal Rb5d5]} Qg6 29. Rb2 Rdc7 30. Rc1 Rc5 31. g4 {Accuracy: White = 40%, Black = 34%.} 1/2-1/2

[Event "Winter Chess Classic-B 2019"]
[Site "Saint Louis"]
[Date "2019.11.18"]
[Round "9.5"]
[White "Harutyunian, Tigran K."]
[Black "Khachiyan, Melikset"]
[Result "1/2-1/2"]
[WhiteElo "2542"]
[BlackElo "2493"]
[Annotator "TA"]
[PlyCount "104"]
[EventDate "2019.11.10"]
[EventType "tourn"]
[EventCountry "USA"]
[SourceTitle "playchess.com"]
[Source "ChessBase"]
[SourceQuality "1"]

{[%evp 11,104,16,9,-10,0,-17,-8,-18,-22,-35,0,0,0,0,0,0,0,0,0,-12,0,-16,0,-6,-6,-6,-1,-9,0,0,0,14,33,40,39,40,73,73,73,85,81,81,81,81,81,83,90,91,93,86,77,77,85,77,124,124,135,128,130,132,132,132,132,53,53,7,14,0,0,0,25,0,0,0,39,0,0,0,0,0,0,0,0,0,0,0,0,0,0,0,0,0,0,0,0]} 1. c4 c6 2. Nf3 d5 3. g3 Nf6 4. Bg2 g6 5. O-O Bg7 6. d4 O-O 7. a4 {D78: Fianchetto Grünfeld: 6 0-0 c6} Bf5 8. Qb3 $146 ({Predecessor:} 8. b3 Nbd7 9. Ba3 Re8 10. Nc3 Ne4 11. Rc1 Nxc3 12. Rxc3 Be4 13. e3 e5 14. cxd5 cxd5 15. dxe5 Nxe5 16. Nxe5 Bxe5 {1-0 (28) Ding,L (2811)-Shankland,S (2705) chess.com INT 2019}) 8... Qb6 9. Qxb6 axb6 10. cxd5 cxd5 11. Nc3 Nc6 12. Bf4 Rfc8 13. Rfc1 h6 14. h4 Nb4 15. Ne1 e6 16. Ra3 {[%cal Ba1a3,Ba3b3,Bb3b6][%mdl 32]} Rc4 17. Rb3 Nc6 {[%cal Bb4c6,Bc6d4,Bd4c2][%mdl 32]} 18. Rxb6 Nxd4 {Strongly threatening ...Rxc3!} 19. Bf1 Nd7 20. Rxb7 Nc5 {[%mdl 64] Double Attack} 21. Rc7 $1 Nxa4 (21... g5 {is more complex.} 22. hxg5 hxg5 23. Bxg5 Ndb3 24. e4 Nxe4 25. Bxc4 Nxc1 26. Nxe4 Bxe4 27. Bxc1 dxc4 28. Rxc4 f5) 22. Rxc4 dxc4 23. Ra1 $36 {[%mdl 2048] White has the initiative.} Nc2 24. Rxa4 Rxa4 25. Nxa4 {And now Nf3 would win.} Nxe1 26. Bd2 Nc2 {[#]} 27. Bc3 $1 Bxc3 28. Nxc3 $16 {[%mdl 4096] Endgame KBN-KBN} e5 29. e4 Be6 30. Nd5 Bxd5 31. exd5 {KB-KN} Kf8 32. Bxc4 Ke7 33. d6+ Kxd6 34. Bxf7 g5 35. hxg5 hxg5 {[#]} 36. Bg6 $1 {[%cal Rg6c2]} Nb4 37. Be4 (37. Kg2 $16) 37... Kc5 $1 $14 38. Kf1 Kd4 39. Bb1 e4 40. Ke2 Nc6 41. Bc2 Nb4 42. Bb1 (42. Kd2 {is interesting.} g4 43. Bd1 Nd3 44. Bxg4 Nxb2 45. Be2) 42... Nc6 43. f3 exf3+ {The position is equal.} 44. Kxf3 {aiming for Kg4.} Ne5+ 45. Ke2 Nc6 46. Bh7 Ne5 47. Bf5 Nc6 48. Bd7 Nb4 49. Be8 Nd3 50. Kf3 Nxb2 51. Kg4 Ke5 52. Kxg5 Nc4 {Accuracy: White = 52%, Black = 68%.} 1/2-1/2